[Event "XI MFSz PERLA BALTYKU"]
[Site "Lazy"]
[Date "2015.07.02"]
[Round "5.10"]
[White "Nowak, Kamil"]
[Black "Woloch, Oskar"]
[Result "1/2-1/2"]
[WhiteElo "2123"]
[BlackElo "2092"]
[PlyCount "152"]
[EventDate "2015.??.??"]

1. e4 e5 2. Nf3 Nc6 3. Bb5 a6 4. Ba4 Nf6 5. O-O b5 6. Bb3 Be7 7. Re1 d6 8. c3
O-O 9. h3 Na5 10. Bc2 c5 11. d4 Nd7 12. d5 Nb6 13. Nbd2 f5 14. exf5 Bxf5 15.
Bxf5 Rxf5 16. Ne4 h6 17. Qd3 Qd7 18. Ng3 Rf7 19. Qg6 Rf6 20. Qe4 Raf8 21. Kh2
c4 22. Be3 Na4 23. Qc2 Nb7 24. b3 Nac5 25. b4 Nd3 26. Red1 Nd8 27. Rxd3 cxd3
28. Qxd3 Qc8 29. Ne4 Rg6 30. Ng3 Rgf6 31. a4 Qc4 32. Qxc4 bxc4 33. Nd2 Nb7 34.
Nge4 R6f7 35. Nxc4 Rc8 36. Nb6 Rb8 37. b5 a5 38. g3 Bd8 39. Nc4 Rd7 40. Kg2 Rc8
41. Ncd2 Bg5 42. Bxg5 hxg5 43. c4 Nc5 44. Nxc5 Rxc5 45. b6 Rc8 46. Rb1 Rb8 47.
Ne4 Kf7 48. Rb5 Ke7 49. Nd2 e4 50. Nb3 Kd8 51. Nxa5 Kc8 52. Nc6 Ra8 53. a5 Kb7
54. Rb2 Re8 55. Re2 Rf7 56. Nd4 Ka6 57. Nb5 Rd8 58. Nc7+ Kxa5 59. Rb2 Rb8 60.
Rb5+ Ka4 61. Na6 Rbb7 62. Nb4 Kb3 63. Nc6+ Kxc4 64. Rb1 Kxd5 65. Nd8 Rfd7 66.
Nxb7 Rxb7 67. f3 e3 68. Kf1 Kc5 69. Ke2 Rxb6 70. Rc1+ Kd4 71. Rd1+ Ke5 72. Kxe3
Rb3+ 73. Rd3 Rb1 74. f4+ gxf4+ 75. gxf4+ Ke6 76. Ke4 Rb4+ 1/2-1/2

[Event "XI MFSz PERLA BALTYKU"]
[Site "Lazy"]
[Date "2015.07.02"]
[Round "5.11"]
[White "Chomczyk, Marek"]
[Black "Kowalski, Igor"]
[Result "1/2-1/2"]
[WhiteElo "2090"]
[BlackElo "2106"]
[PlyCount "81"]
[EventDate "2015.??.??"]

1. d4 Nf6 2. c4 e6 3. Nc3 Bb4 4. Qc2 c5 5. e3 O-O 6. Bd3 d5 7. cxd5 cxd4 8.
exd4 exd5 9. Nge2 Nc6 10. Bg5 h6 11. Bh4 Re8 12. O-O Be6 13. a3 Bd6 14. Bg3
Bxg3 15. hxg3 Rc8 16. Qa4 Nd7 17. Rad1 Nb6 18. Qc2 Bg4 19. f3 Be6 20. Nf4 Qf6
21. Nfe2 Na5 22. Bb5 Bf5 23. Qd2 Nac4 24. Qc1 Rxe2 25. Nxe2 Nxa3 26. Qxc8+ Bxc8
27. bxa3 Qe7 28. Rfe1 Qxa3 29. Nf4 Be6 30. Kh2 Qd6 31. Re2 Bd7 32. Bxd7 Nxd7
33. Re8+ Kh7 34. Rc1 Nb6 35. Rce1 Qc6 36. Rf8 Qf6 37. Ree8 g6 38. Rd8 Kg7 39.
Rh8 Qxd4 40. Rhg8+ Kh7 41. Rgf8 1/2-1/2

[Event "XI MFSz PERLA BALTYKU"]
[Site "Lazy"]
[Date "2015.07.02"]
[Round "5.12"]
[White "Eggink, Ryszard"]
[Black "Kaczmarska, Joanna"]
[Result "1-0"]
[WhiteElo "2316"]
[BlackElo "1876"]
[PlyCount "85"]
[EventDate "2015.??.??"]

1. e4 e5 2. Nf3 Nc6 3. Bb5 f5 4. d3 Nf6 5. Bg5 h6 6. Bxf6 Qxf6 7. Qe2 d6 8. Nc3
Be6 9. exf5 Qxf5 10. d4 a6 11. Bxc6+ bxc6 12. dxe5 d5 13. Nd4 Qg4 14. Qxg4 Bxg4
15. f3 Bh5 16. Nxc6 Kd7 17. Nd4 c5 18. Nde2 Bf7 19. O-O-O Kc6 20. f4 Re8 21.
Rhe1 Be7 22. Ng3 Bh4 23. b3 d4 24. Nce4 Bd5 25. c4 Bxe4 26. Rxe4 Rhf8 27. Ne2
Bf2 28. Kc2 Be3 29. g3 h5 30. Nc3 Rd8 31. Nd5 d3+ 32. Rxd3 Bd4 33. e6 Rfe8 34.
f5 Rxd5 35. cxd5+ Kxd5 36. Rh4 g6 37. fxg6 Rxe6 38. Rxh5+ Ke4 39. Rg5 Re8 40.
g7 Rg8 41. h4 Bf6 42. Rg6 Kf5 43. h5 1-0

[Event "XI MFSz PERLA BALTYKU"]
[Site "Lazy"]
[Date "2015.07.02"]
[Round "5.13"]
[White "Karwowski, Kacper"]
[Black "Eggink, Mateusz"]
[Result "1/2-1/2"]
[WhiteElo "2003"]
[BlackElo "2177"]
[PlyCount "32"]
[EventDate "2015.??.??"]

1. e4 c5 2. c3 d5 3. exd5 Qxd5 4. d4 Nf6 5. Nf3 Bg4 6. Be2 e6 7. O-O Nc6 8. Be3
cxd4 9. Nxd4 Bxe2 10. Qxe2 Nxd4 11. Bxd4 Be7 12. Rd1 Qc6 13. Nd2 O-O 14. Qc4
Qxc4 15. Nxc4 Nd5 16. Ne3 Nf4 1/2-1/2

[Event "XI MFSz PERLA BALTYKU"]
[Site "Lazy"]
[Date "2015.07.02"]
[Round "5.14"]
[White "Januszkiewicz, Wojciech"]
[Black "Pilzak, Marcin"]
[Result "0-1"]
[WhiteElo "2025"]
[BlackElo "2145"]
[PlyCount "82"]
[EventDate "2015.??.??"]

1. e4 e6 2. d4 d5 3. Nc3 Nf6 4. e5 Nfd7 5. f4 c5 6. Nf3 Nc6 7. Be3 Be7 8. Qd2
O-O 9. dxc5 Bxc5 10. Bxc5 Nxc5 11. O-O-O Qa5 12. Nd4 Rd8 13. Kb1 Bd7 14. Be2
Nxd4 15. Qxd4 Ne4 16. Nxe4 dxe4 17. Qxe4 Bc6 18. Qe3 Bxg2 19. Rhg1 Bc6 20. Bd3
Rd5 21. f5 exf5 22. e6 f6 23. Qh6 Qc7 24. Qxf6 Kh8 25. Qg5 h6 26. Qh4 Qd8 27.
e7 Qd6 28. Rde1 Re8 29. a3 b5 30. Rgf1 Qd7 31. Re3 a5 32. Rfe1 b4 33. a4 b3 34.
Qh5 Bxa4 35. cxb3 f4 36. Re5 Rxe5 37. Qxe5 Qxd3+ 38. Ka1 Qxb3 39. Rg1 Qf7 40.
Qxa5 Bc6 41. Qc5 Be4 0-1

[Event "XI MFSz PERLA BALTYKU"]
[Site "Lazy"]
[Date "2015.07.02"]
[Round "5.15"]
[White "Kowalski, Maciej"]
[Black "Fraczek, Daniel"]
[Result "0-1"]
[WhiteElo "2107"]
[BlackElo "2411"]
[PlyCount "46"]
[EventDate "2015.??.??"]

1. e4 e6 2. d4 d5 3. exd5 exd5 4. Bd3 c5 5. dxc5 Bxc5 6. Nf3 Nf6 7. O-O O-O 8.
h3 Nc6 9. Bg5 h6 10. Bh4 g5 11. Bg3 Ne4 12. Bxe4 dxe4 13. Ne5 f5 14. Nxc6 bxc6
15. Be5 Ba6 16. Qxd8 Raxd8 17. Re1 Rfe8 18. Bc3 e3 19. fxe3 Rxe3 20. Rxe3 Bxe3+
21. Kh2 Rd1 22. b3 Bg1+ 23. Kg3 Be2 0-1

[Event "XI MFSz PERLA BALTYKU"]
[Site "Lazy"]
[Date "2015.07.02"]
[Round "5.16"]
[White "Mielczarski, Miroslaw"]
[Black "Smieszek, Wojciech"]
[Result "0-1"]
[WhiteElo "2191"]
[BlackElo "2035"]
[PlyCount "144"]
[EventDate "2015.??.??"]

1. d4 Nf6 2. Nf3 c5 3. e3 g6 4. c4 Bg7 5. Nc3 cxd4 6. exd4 O-O 7. Be2 b6 8. O-O
d5 9. Bg5 dxc4 10. Bxc4 Bb7 11. Ne5 Nc6 12. Nxc6 Bxc6 13. d5 Bb7 14. Re1 a6 15.
a4 Re8 16. Qe2 Qd6 17. Rad1 h6 18. Be3 Kh7 19. Bd4 Nd7 20. Bxg7 Kxg7 21. b3 Nf6
22. h3 Qb4 23. Rd3 Rad8 24. Red1 Qa5 25. Qb2 Qb4 26. Qe2 Qa5 27. Qe3 Rd6 28.
Kh2 Qc5 29. Rd4 Qc7 30. Kg1 Qd7 31. Qe2 Rc8 32. Re1 Rc7 33. f3 Bxd5 34. Nxd5
Nxd5 35. Bxa6 Nf6 36. Bb5 Qd8 37. Rxd6 Qxd6 38. Rd1 Qb4 39. Bc4 Qc5+ 40. Qf2
Qb4 41. Qd2 Qc5+ 42. Qf2 Qc6 43. Qe3 e6 44. Qe5 Rd7 45. Rd4 h5 46. h4 Rxd4 47.
Qxd4 Qc7 48. f4 Qe7 49. Qxb6 Ng4 50. Qd4+ Kh7 51. g3 Qb4 52. Kf1 Qb7 53. Ke2
Qg2+ 54. Kd1 Qxg3 55. a5 Ne3+ 56. Kd2 Nf5 57. Qe4 Qf2+ 58. Kc3 Nd6 59. Qe5 Qf3+
60. Kb4 Qb7+ 61. Ka3 Qc7 62. Bd3 Qc1+ 63. Qb2 Qe3 64. Qc2 Qxf4 65. a6 Qd4 66.
b4 e5 67. Kb3 e4 68. Be2 Nf5 69. Qc4 Qe3+ 70. Ka4 Nd6 71. Qc5 Qxe2 72. Qxd6 e3
0-1

1

[Event "XI MFSz PERLA BALTYKU"]
[Site "Lazy"]
[Date "2015.07.02"]
[Round "5.17"]
[White "Kubicka, Anna"]
[Black "Lewtak, Dominik"]
[Result "1/2-1/2"]
[WhiteElo "2014"]
[BlackElo "2153"]
[PlyCount "126"]
[EventDate "2015.??.??"]

1. e4 c5 2. Nf3 Nc6 3. d4 cxd4 4. Nxd4 Nf6 5. Nc3 d6 6. Be3 e6 7. f3 Be7 8. Qd2
a6 9. O-O-O O-O 10. g4 Qc7 11. h4 Ne5 12. h5 b5 13. g5 Nfd7 14. g6 Nf6 15. Bg5
b4 16. Na4 Qa5 17. h6 fxg6 18. hxg7 Rf7 19. b3 Nxf3 20. Nxf3 Nxe4 21. Qh2 Bxg5+
22. Kb1 Rxg7 23. Bd3 Bb7 24. Qe2 d5 25. Nxg5 Nxg5 26. Qe5 Qd8 27. Rdg1 Nf7 28.
Qxe6 Qd6 29. Qe2 Ne5 30. Nb2 a5 31. Qh2 Rd8 32. Re1 Nxd3 33. Re8+ Kf7 34. Rxd8
Qxd8 35. Nxd3 Kg8 36. Nf4 Qd6 37. Qh6 Rf7 38. Nd3 Qf8 39. Qh3 Ba6 40. Nf4 Qc8
41. Qh4 Qc6 42. Qd8+ Kg7 43. Nh5+ gxh5 44. Rg1+ Qg6 45. Rxg6+ hxg6 46. Qxd5 Rf5
47. Qd4+ Rf6 48. Qe5 Bf1 49. Kb2 Kf7 50. Qxa5 Rf5 51. Qxb4 g5 52. Qb7+ Kg6 53.
Qc6+ Rf6 54. Qe8+ Kh6 55. Qh8+ Kg6 56. Qe8+ Kh6 57. c4 g4 58. Qh8+ Kg5 59. Qg7+
Kf5 60. Qh7+ Kg5 61. Qg7+ Kf5 62. Qh7+ Kg5 63. Qg7+ Kf5 1/2-1/2

[Event "XI MFSz PERLA BALTYKU"]
[Site "Lazy"]
[Date "2015.07.02"]
[Round "5.18"]
[White "Miturova, Magdalena"]
[Black "Kicinski, Jacek"]
[Result "1-0"]
[WhiteElo "2149"]
[BlackElo "2006"]
[PlyCount "47"]
[EventDate "2015.??.??"]

1. e4 c6 2. d4 d5 3. Nc3 dxe4 4. Nxe4 Nd7 5. Bd3 Ndf6 6. Ng5 h6 7. N5f3 e6 8.
Ne5 Bd6 9. Ngf3 Ne7 10. Bd2 c5 11. dxc5 Bxc5 12. Qe2 O-O 13. O-O-O Nc6 14. g4
Nd7 15. Bc3 Ncxe5 16. Nxe5 Qg5+ 17. Kb1 Nxe5 18. Bxe5 g6 19. h4 Qe7 20. Qd2 f6
21. Bc3 Qg7 22. g5 h5 23. gxf6 Qf7 24. Rhg1 1-0

[Event "XI MFSz PERLA BALTYKU"]
[Site "Lazy"]
[Date "2015.07.02"]
[Round "5.19"]
[White "Antolak, Julia"]
[Black "Nowak, Lukasz"]
[Result "0-1"]
[WhiteElo "1987"]
[BlackElo "2116"]
[PlyCount "122"]
[EventDate "2015.??.??"]

1. e4 c5 2. Nf3 d6 3. d4 cxd4 4. Nxd4 Nf6 5. Nc3 a6 6. g3 e5 7. Nb3 Nbd7 8. a4
b6 9. Bg2 Bb7 10. O-O Be7 11. Re1 O-O 12. Nd2 Nc5 13. Nf1 b5 14. a5 b4 15. Nd5
Bxd5 16. exd5 Nfd7 17. f4 Rb8 18. fxe5 Nxe5 19. Bf4 Bf6 20. Ne3 b3 21. Bxe5
bxc2 22. Qxc2 Bxe5 23. Nc4 Nd7 24. Qd2 f5 25. Rab1 Qf6 26. Nxe5 Nxe5 27. Qe2 f4
28. gxf4 Qxf4 29. Rf1 Qd4+ 30. Kh1 Rxf1+ 31. Rxf1 Qc4 32. Qxc4 Nxc4 33. Rc1
Nxa5 34. Bf1 Rb6 35. b4 Rxb4 36. Bxa6 Rb6 37. Bc8 Kf8 38. Be6 Rb7 39. Rf1+ Ke8
40. Bf5 g6 41. Re1+ Kd8 42. Be6 Kc7 43. Rc1+ Kb6 44. Rb1+ Kc5 45. Rc1+ Nc4 46.
Kg2 Kd4 47. Kf3 Ne5+ 48. Kg2 Nd3 49. Rd1 Ke3 50. Kg3 Rb4 51. h4 Nf4 52. Ra1
Ne2+ 53. Kh3 Kf2 54. Ra2 Re4 55. Bg8 h6 56. Bf7 Re3+ 57. Kh2 g5 58. Bh5 Re5 59.
hxg5 hxg5 60. Kh3 Re4 61. Bxe2 Rh4# 0-1

[Event "XI MFSz PERLA BALTYKU"]
[Site "Lazy"]
[Date "2015.07.02"]
[Round "5.20"]
[White "Baumann, Dariusz"]
[Black "Szustakowski, Antoni"]
[Result "1-0"]
[WhiteElo "2108"]
[BlackElo "1983"]
[PlyCount "151"]
[EventDate "2015.??.??"]

1. d4 d5 2. c4 e6 3. Nc3 Nf6 4. Bg5 Be7 5. e3 O-O 6. Qc2 h6 7. Bxf6 Bxf6 8.
cxd5 exd5 9. Nf3 Be6 10. Be2 c5 11. O-O cxd4 12. exd4 Nc6 13. Rad1 Qd7 14. Rfe1
Rfe8 15. Bb5 a6 16. Bxc6 Qxc6 17. Ne5 Qd6 18. f4 b5 19. Re3 Bd8 20. Rg3 Bh4 21.
Re3 Bd8 22. Rde1 Bb6 23. Qd3 Qb4 24. Nf3 Qc4 25. Qd2 Rec8 26. a3 Bg4 27. b3
Qxb3 28. Rb1 Qc4 29. Rb4 Qc6 30. Ne5 Qe6 31. Nxg4 Qxg4 32. Nxd5 Ba5 33. Ne7+
Kh8 34. Nxc8 Rxc8 35. d5 Bxb4 36. axb4 Qd7 37. d6 Rc6 38. Rd3 f5 39. h3 Kh7 40.
Rd5 Rc4 41. Kh2 Rc6 42. Qd3 Kg8 43. Rd4 Kh8 44. Rd5 Kg8 45. Qd4 Rc4 46. Qb6 Rc6
47. Qd4 Rc4 48. Qd2 Rc6 49. h4 Kh8 50. Rd4 Kh7 51. Qd3 Kh8 52. Kh3 Rb6 53. Rd5
Rc6 54. Kh2 Kg8 55. g4 fxg4 56. f5 Kf8 57. Qd4 Kf7 58. Qe5 Rc8 59. Rc5 Rxc5 60.
bxc5 Qe8 61. Qd5+ Kf6 62. Qd4+ Kxf5 63. Qd3+ Kf6 64. d7 Qe5+ 65. Kh1 Qa1+ 66.
Kg2 Qb2+ 67. Kg1 Qc1+ 68. Kg2 Qb2+ 69. Kg3 Qe5+ 70. Kxg4 Qe6+ 71. Kg3 Qe5+ 72.
Kg2 Qxc5 73. d8=Q+ Ke5 74. Qe8+ Kf6 75. Qf3+ Qf5 76. Qf8+ 1-0

[Event "XI MFSz PERLA BALTYKU"]
[Site "Lazy"]
[Date "2015.07.02"]
[Round "5.21"]
[White "Przerwa, Waldemar"]
[Black "Sciborowski, Miroslaw"]
[Result "0-1"]
[WhiteElo "1763"]
[BlackElo "2029"]
[PlyCount "62"]
[EventDate "2015.??.??"]

1. d4 Nf6 2. Nc3 g6 3. e4 d6 4. h3 Bg7 5. Nf3 c6 6. Bd3 Nbd7 7. Be3 e5 8. dxe5
dxe5 9. Qd2 O-O 10. O-O Re8 11. Rad1 b5 12. a3 Bf8 13. Bh6 Be7 14. Be3 Bb7 15.
Rfe1 Qc7 16. Ne2 Red8 17. Ng3 a6 18. Qc1 c5 19. c4 Bc6 20. Qc3 Rdb8 21. b3 b4
22. axb4 cxb4 23. Qb2 a5 24. Bc2 a4 25. bxa4 Bxa4 26. Bxa4 Rxa4 27. Ra1 Ra3 28.
Nd2 Nb6 29. Qc2 Rc3 30. Bxb6 Qxb6 31. Qa4 Rxg3 0-1

[Event "XI MFSz PERLA BALTYKU"]
[Site "Lazy"]
[Date "2015.07.02"]
[Round "5.22"]
[White "Sliwicka, Alicja"]
[Black "Wacior, Maciej"]
[Result "1-0"]
[WhiteElo "2015"]
[BlackElo "1921"]
[PlyCount "47"]
[EventDate "2015.??.??"]

1. e4 d6 2. d4 Nd7 3. Nc3 c6 4. Be3 g6 5. f4 Bg7 6. Nf3 Ngf6 7. h3 Qc7 8. Bd3
O-O 9. O-O e5 10. dxe5 dxe5 11. f5 gxf5 12. exf5 Nd5 13. Bf2 Nxc3 14. bxc3 Nf6
15. Ng5 h6 16. Ne4 Nd5 17. Bc5 Nf4 18. f6 Bh8 19. Rxf4 exf4 20. Bxf8 Kxf8 21.
Qh5 Bxf6 22. Nxf6 Qb6+ 23. Kh1 Kg7 24. Qe5 1-0

[Event "XI MFSz PERLA BALTYKU"]
[Site "Lazy"]
[Date "2015.07.02"]
[Round "5.23"]
[White "Kokoszczynski, Jan"]
[Black "Szewczak, Andrzej"]
[Result "1/2-1/2"]
[WhiteElo "1988"]
[BlackElo "1887"]
[PlyCount "136"]
[EventDate "2015.??.??"]

1. e4 e5 2. Nf3 Nc6 3. Bc4 Nf6 4. Ng5 Bc5 5. Bxf7+ Ke7 6. Bd5 Qf8 7. O-O d6 8.
h3 Nb4 9. Nc3 Nbxd5 10. Nxd5+ Nxd5 11. exd5 h6 12. Ne4 Bb6 13. Qe2 Qf7 14. c4
Bf5 15. d3 Qg6 16. Kh2 Raf8 17. f3 Qh7 18. Be3 g5 19. b4 Bxe3 20. Qxe3 a6 21.
Rae1 Kd7 22. d4 Bxe4 23. fxe4 Qg7 24. dxe5 Qxe5+ 25. Kh1 Rf4 26. Rxf4 gxf4 27.
Qf3 Rf8 28. Rf1 h5 29. g3 Qd4 30. gxf4 Qxc4 31. f5 Rf6 32. a3 c6 33. dxc6+ bxc6
34. Rg1 Qd4 35. Rd1 Qe5 36. Qd3 h4 37. Rg1 Rf7 38. Rg4 Qa1+ 39. Rg1 Qe5 40. Rg4
Qa1+ 41. Rg1 Qe5 42. Qe3 Kc8 43. Qd3 Kb7 44. a4 d5 45. exd5 cxd5 46. Rg6 Qe4+
47. Qxe4 dxe4 48. Rg4 e3 49. Re4 Rxf5 50. Rxe3 Rf4 51. Rb3 Kb6 52. Kg2 a5 53.
bxa5+ Kxa5 54. Rb5+ Kxa4 55. Rg5 Rf6 56. Rg4+ Kb5 57. Rxh4 Kc6 58. Rd4 Rd6 59.
Rf4 Kd7 60. h4 Ke7 61. Kg3 Rf6 62. Rd4 Kf7 63. h5 Rf1 64. Kh4 Rh1+ 65. Kg5 Kg7
66. Rg4 Ra1 67. Rd4 Ra5+ 68. Kh4 Kh7 1/2-1/2

[Event "XI MFSz PERLA BALTYKU"]
[Site "Lazy"]
[Date "2015.07.02"]
[Round "5.24"]
[White "Filewicz, Przemyslaw"]
[Black "Laszczak, Przemyslaw"]
[Result "1-0"]
[WhiteElo "2052"]
[BlackElo "1821"]
[PlyCount "177"]
[EventDate "2015.??.??"]

1. d4 d5 2. Nf3 Nf6 3. c4 c6 4. Nc3 e6 5. Bg5 Nbd7 6. Qc2 Bd6 7. e3 O-O 8. cxd5
exd5 9. Bd3 h6 10. Bh4 Re8 11. O-O Nf8 12. Rab1 Bg4 13. Nd2 Bh5 14. Bg3 Bg6 15.
b4 Bxg3 16. hxg3 b5 17. a4 a6 18. Nb3 Bxd3 19. Qxd3 N8d7 20. a5 Rc8 21. Nd2 Qe7
22. Ne2 Ne4 23. Nxe4 Qxe4 24. Qxe4 Rxe4 25. Rbc1 Re6 26. Nf4 Rd6 27. Rc2 g5 28.
Nd3 f6 29. g4 Kg7 30. f3 Re6 31. Kf2 Rce8 32. Re1 Kg6 33. Rc3 Kg7 34. Nc1 Nf8
35. Ne2 Ng6 36. Ng3 Ne7 37. Rec1 Rc8 38. Rc5 Rd6 39. Rh1 Kg6 40. Re1 Kg7 41.
Ke2 Kg6 42. Kd3 Kg7 43. Rc2 Re6 44. Rce2 Re8 45. Rh1 Rh8 46. Ree1 Kg6 47. Rh2
Kg7 48. Rhh1 Kg6 49. f4 Kg7 50. Nh5+ Kf7 51. Ref1 Nc8 52. fxg5 hxg5 53. Ng3
Ree8 54. Nf5 Kg6 55. Ke2 Rd8 56. Rc1 Na7 57. Rxh8 Rxh8 58. Ne7+ Kg7 59. Nxd5
cxd5 60. Rc7+ Kg6 61. Rxa7 Rh1 62. Rxa6 Rb1 63. Rd6 Rxb4 64. Rxd5 Rb2+ 65. Kf3
b4 66. Rb5 b3 67. a6 Rb1 68. a7 Ra1 69. Rxb3 Rxa7 70. Rb6 Ra1 71. Rb7 Rf1+ 72.
Ke2 Rg1 73. Kf2 Rd1 74. Rd7 Rd2+ 75. Kf3 Rd1 76. d5 Rd2 77. d6 f5 78. gxf5+
Kxf5 79. Rd8 g4+ 80. Kg3 Ke6 81. Rg8 Re2 82. Rxg4 Rxe3+ 83. Kh4 Kxd6 84. Rf4
Ke7 85. g4 Ke8 86. Kh5 Re7 87. g5 Rf7 88. Rxf7 Kxf7 89. Kh6 1-0

[Event "XI MFSz PERLA BALTYKU"]
[Site "Lazy"]
[Date "2015.07.03"]
[Round "6.1"]
[White "Snihur, Piotr"]
[Black "Tomczak, Jacek"]
[Result "0-1"]
[WhiteElo "2124"]
[BlackElo "2579"]
[PlyCount "62"]
[EventDate "2015.??.??"]

1. d4 Nf6 2. c4 c5 3. d5 b5 4. cxb5 a6 5. bxa6 Bxa6 6. Nc3 d6 7. e4 Bxf1 8.
Kxf1 g6 9. g3 Bg7 10. Kg2 O-O 11. Nf3 Nbd7 12. Qe2 Qb6 13. a4 Qb4 14. Bd2 Nb6
15. a5 Rxa5 16. Nd1 Qb5 17. Qxb5 Rxb5 18. Re1 Ra8 19. Rxa8+ Nxa8 20. Bc3 Nb6
21. Nd2 Na4 22. Kf3 Nxc3 23. bxc3 Ra5 24. Ke2 Ra2 25. f3 Nd7 26. f4 c4 27. Ke3
Nb6 28. Re2 Ra1 29. Nf2 Rc1 30. Kf3 Bxc3 31. Ke3 Bb4 0-1

[Event "XI MFSz PERLA BALTYKU"]
[Site "Lazy"]
[Date "2015.07.03"]
[Round "6.2"]
[White "Mozharov, Mikhail"]
[Black "Chylewski, Patryk"]
[Result "1-0"]
[WhiteElo "2564"]
[BlackElo "2131"]
[PlyCount "89"]
[EventDate "2015.??.??"]

1. d4 Nf6 2. c4 e6 3. Nf3 Bb4+ 4. Bd2 Qe7 5. g3 O-O 6. Bg2 Bxd2+ 7. Qxd2 d6 8.
Nc3 e5 9. O-O Nc6 10. d5 Nb8 11. e4 a5 12. Qc2 Ne8 13. Nd2 Na6 14. Rae1 g6 15.
f4 f5 16. fxe5 dxe5 17. exf5 Bxf5 18. Nce4 Nd6 19. Qc3 b6 20. Nf2 Rae8 21. g4
Bc8 22. h3 Nc5 23. b3 Ba6 24. Re2 Qg7 25. Rfe1 Re7 26. Nfe4 Ncxe4 27. Nxe4 Nxe4
28. Rxe4 Rfe8 29. a3 Qf6 30. b4 axb4 31. axb4 Bb7 32. R4e2 Rd8 33. Rxe5 Rde8
34. Rxe7 Qxc3 35. Rxe8+ Kf7 36. R8e7+ Kf8 37. R1e4 g5 38. b5 h6 39. Re8+ Kf7
40. Rb8 Bxd5 41. cxd5 Qc5+ 42. Kh1 Qxb5 43. Re1 Qb4 44. Rc1 Qf4 45. Rf1 1-0

[Event "XI MFSz PERLA BALTYKU"]
[Site "Lazy"]
[Date "2015.07.03"]
[Round "6.3"]
[White "Stupak, Kirill"]
[Black "Lewtak, Damian"]
[Result "1-0"]
[WhiteElo "2552"]
[BlackElo "2325"]
[PlyCount "101"]
[EventDate "2015.??.??"]

1. d4 d5 2. Nf3 Nf6 3. g3 g6 4. c4 c6 5. Qa4 Nbd7 6. cxd5 Nb6 7. Qb3 Nbxd5 8.
Bg2 Qb6 9. Nbd2 Bg7 10. O-O O-O 11. a3 Qxb3 12. Nxb3 Rd8 13. Re1 Nc7 14. Na5
Ne6 15. Nb3 Bd7 16. e4 Be8 17. Bd2 b6 18. h3 Rac8 19. Bc3 c5 20. d5 Nc7 21. a4
Nd7 22. Red1 f6 23. Nfd2 Bf7 24. Nc4 Ne8 25. f4 e6 26. Na3 exd5 27. exd5 Nb8
28. Nc4 Rd7 29. Rd2 Rcd8 30. Rad1 Nd6 31. Nxd6 Rxd6 32. Na1 Nd7 33. Nc2 f5 34.
Na3 Bxc3 35. bxc3 Nf6 36. Nc4 R6d7 37. Ne5 Rd6 38. Nc6 R8d7 39. c4 Rc7 40. Ne5
Be8 41. Ra1 Kf8 42. Rb2 a6 43. Rab1 Rb7 44. Nc6 Bxc6 45. dxc6 Rc7 46. Rxb6 Ne4
47. Rxa6 Rcxc6 48. Rxc6 Rxc6 49. a5 Ke7 50. Ra1 Ra6 51. Bxe4 1-0

[Event "XI MFSz PERLA BALTYKU"]
[Site "Lazy"]
[Date "2015.07.03"]
[Round "6.4"]
[White "Rudolf, Michal"]
[Black "Shishkin, Vadim"]
[Result "1-0"]
[WhiteElo "2322"]
[BlackElo "2507"]
[PlyCount "83"]
[EventDate "2015.??.??"]

1. d4 Nf6 2. Nf3 g6 3. Bg5 Bg7 4. Nbd2 d5 5. e3 O-O 6. Be2 Nbd7 7. O-O Re8 8.
c3 e5 9. Nb3 h6 10. Bh4 c6 11. c4 e4 12. Nfd2 Nf8 13. cxd5 cxd5 14. Rc1 b6 15.
Qc2 Bb7 16. Qc7 Re7 17. Qxd8 Rxd8 18. Rc3 Ne6 19. Rfc1 g5 20. Bg3 Ne8 21. Bg4
Bf8 22. Nf1 Red7 23. Be5 Bb4 24. R3c2 Ba6 25. Rc6 Bd6 26. Ng3 Bb5 27. R6c2 Bd3
28. Rc6 Bb5 29. R6c2 Bd3 30. Rc3 Bc4 31. Nf5 Bf8 32. a3 Kh7 33. Nd2 Bd3 34. f3
Kg6 35. fxe4 Bxe4 36. Nxe4 dxe4 37. Ng3 N8g7 38. Rc6 Bd6 39. Bxg7 Bxg3 40. hxg3
Kxg7 41. Bxe6 fxe6 42. Rxe6 1-0

[Event "XI MFSz PERLA BALTYKU"]
[Site "Lazy"]
[Date "2015.07.03"]
[Round "6.5"]
[White "Stremavicius, Titas"]
[Black "Sliwicki, Damian"]
[Result "1-0"]
[WhiteElo "2442"]
[BlackElo "2100"]
[PlyCount "109"]
[EventDate "2015.??.??"]

1. f4 e5 2. fxe5 d6 3. exd6 Bxd6 4. Nf3 Bg4 5. e3 Nf6 6. Nc3 Nc6 7. Be2 h5 8.
Nb5 Bxf3 9. Nxd6+ Qxd6 10. Bxf3 Ng4 11. Bxg4 hxg4 12. Qxg4 Rxh2 13. Rxh2 Qxh2
14. Qe4+ Kf8 15. b3 Qg3+ 16. Ke2 f6 17. Ba3+ Kf7 18. Qd5+ Kg6 19. Rh1 Ne5 20.
Rh3 Qg4+ 21. Kf2 c6 22. Qc5 b6 23. Qc3 Kf7 24. Bd6 Re8 25. Bxe5 Rxe5 26. Qxc6
Rc5 27. Qb7+ Kg8 28. c4 Rf5+ 29. Rf3 Rg5 30. Qb8+ Kf7 31. Qc7+ Kg8 32. Rg3 Qf5+
33. Ke2 Rxg3 34. Qxg3 Qa5 35. a4 a6 36. Qf3 Kh7 37. e4 Qb4 38. d4 Qa3 39. Qd3
Kg8 40. c5 bxc5 41. dxc5 Qb2+ 42. Kf3 g5 43. c6 g4+ 44. Kg3 Kg7 45. Qd5 a5 46.
e5 fxe5 47. Qd7+ Kf6 48. c7 Qc1 49. Qd8+ Kg6 50. Qe8+ Kf6 51. Qf8+ Kg6 52. c8=Q
Qe3+ 53. Kxg4 Qg5+ 54. Kh3 Qe3+ 55. g3 1-0

[Event "XI MFSz PERLA BALTYKU"]
[Site "Lazy"]
[Date "2015.07.03"]
[Round "6.6"]
[White "Nowak, Kamil"]
[Black "Eggink, Ryszard"]
[Result "0-1"]
[WhiteElo "2123"]
[BlackElo "2316"]
[PlyCount "120"]
[EventDate "2015.??.??"]

1. e4 c5 2. c3 d5 3. exd5 Qxd5 4. d4 Nf6 5. Nf3 Bg4 6. Be2 e6 7. O-O cxd4 8.
cxd4 Nc6 9. Nc3 Qa5 10. Be3 Be7 11. Qd2 O-O 12. h3 Bh5 13. a3 Rac8 14. Rac1
Rfd8 15. Rfd1 Nd5 16. Nxd5 Qxd5 17. b4 b5 18. Bf4 a5 19. bxa5 Bxa3 20. Rb1 b4
21. a6 Bg6 22. Bd3 Qa5 23. Bxg6 hxg6 24. Qe2 Ra8 25. Ng5 Nxd4 26. Qg4 Qf5 27.
Qxf5 gxf5 28. Be3 Ne2+ 29. Kf1 Nc3 30. Rxd8+ Rxd8 31. Re1 b3 32. Nf3 b2 33. Nd2
Bc5 34. Nb1 Bxe3 35. fxe3 Ne4 36. Na3 Ra8 37. Nc4 Rxa6 38. Nxb2 Ra2 39. Nd3 g5
40. Nc1 Rc2 41. Ne2 Kg7 42. Nd4 Rb2 43. Kg1 Kg6 44. Nf3 f6 45. Rc1 g4 46. hxg4
fxg4 47. Nd4 e5 48. Nc6 Re2 49. Ne7+ Kg5 50. Nd5 f5 51. Kf1 Ng3+ 52. Kg1 Rxe3
53. Kh2 Rd3 54. Nb4 Rb3 55. Nc6 Kf4 56. Rc4+ Ne4 57. Ne7 g3+ 58. Kh3 Rb1 59.
Nd5+ Kg5 60. Rxe4 fxe4 0-1

[Event "XI MFSz PERLA BALTYKU"]
[Site "Lazy"]
[Date "2015.07.03"]
[Round "6.7"]
[White "Niekras, Dawid"]
[Black "Chomczyk, Marek"]
[Result "0-1"]
[WhiteElo "2276"]
[BlackElo "2090"]
[PlyCount "120"]
[EventDate "2015.??.??"]

1. e4 c5 2. Nf3 d6 3. d4 cxd4 4. Nxd4 Nf6 5. Nc3 a6 6. Bc4 b5 7. Bb3 e6 8. O-O
Be7 9. Qf3 Qc7 10. Qg3 O-O 11. Bh6 Ne8 12. Rad1 Bd7 13. Nf3 Nc6 14. Bf4 b4 15.
e5 Nxe5 16. Nxe5 bxc3 17. Nxd7 Qxd7 18. Qxc3 Nf6 19. Rfe1 d5 20. Be5 a5 21. Qg3
a4 22. Bc4 Qb7 23. Bd3 g6 24. Qh3 Nd7 25. Bc3 Bf6 26. Bxf6 Nxf6 27. b3 Kg7 28.
Qh4 a3 29. Re3 Rab8 30. Rf3 Qe7 31. Rh3 h5 32. Qg5 Rfe8 33. Qe5 Kg8 34. Re1 Ng4
35. Qd4 Qb4 36. Qxb4 Rxb4 37. Rh4 Reb8 38. c3 Rf4 39. Re2 Rc8 40. Rc2 e5 41. h3
Rxf2 42. Rxf2 Nxf2 43. Kxf2 Rxc3 44. Ke2 e4 45. Bxe4 dxe4 46. Rxe4 Rc2+ 47. Kf3
Rxa2 48. Ra4 Kg7 49. h4 Kf6 50. g4 hxg4+ 51. Kxg4 Ra1 52. Kg3 Ke5 53. Kf3 f5
54. Kg2 f4 55. Kf3 a2 56. Ra5+ Kf6 57. Ra6+ Kg7 58. Ra7+ Kh6 59. Kg2 f3+ 60.
Kf2 Rh1 0-1

[Event "XI MFSz PERLA BALTYKU"]
[Site "Lazy"]
[Date "2015.07.03"]
[Round "6.8"]
[White "Woloch, Oskar"]
[Black "Lewicki, Miroslaw"]
[Result "0-1"]
[WhiteElo "2092"]
[BlackElo "2224"]
[PlyCount "102"]
[EventDate "2015.??.??"]

1. d4 Nf6 2. Nf3 e6 3. Bg5 d5 4. Nbd2 Be7 5. c3 h6 6. Bxf6 Bxf6 7. e4 g6 8. Be2
dxe4 9. Nxe4 Bg7 10. O-O O-O 11. Qc2 Nd7 12. Rad1 Qe7 13. Rfe1 b6 14. Bf1 Bb7
15. c4 Rad8 16. Ned2 c5 17. d5 e5 18. Nb1 f5 19. Nc3 e4 20. Nd2 a6 21. Kh1 Rde8
22. f3 e3 23. Bd3 Qg5 24. Nf1 Re7 25. Re2 Rfe8 26. Rde1 Bd4 27. Nd1 Kg7 28. Qc1
f4 29. Qc2 Ne5 30. Be4 b5 31. b3 b4 32. Nb2 Ng4 33. Nd1 Nf6 34. Bd3 Bc8 35. Nd2
Bf5 36. Bxf5 gxf5 37. Nf1 Kf7 38. Nb2 Bxb2 39. Qxb2 Nd7 40. Rd1 Rg8 41. a3 a5
42. axb4 axb4 43. Qa1 Ree8 44. Qa7 Qe7 45. Qc7 Ne5 46. Qb6 Rb8 47. Qxh6 Ng6 48.
d6 Qf6 49. Qh7+ Rg7 50. Qh5 Rh8 51. d7 Rgg8 0-1